Città che iniziano con S su una mappa - Statistics

Statistiche generali
  • Questo quiz è stato fatto 71 volte
  • Il punteggio medio è 15 su 30
Risposte nella Mappa
Le risposte nella mappa del quiz sottostante sono codificate secondo una scala di colori dal rosso al verde in base alla % di persone che hanno risposto correttamente.
 
Statistiche sulle risposte
città % Corretto
San Paolo
89%
Siviglia
85%
Santiago
83%
San Francisco
79%
Seul
77%
Sofia
75%
San Diego
74%
San Pietroburgo
74%
Shanghai
70%
Sydney
70%
Seattle
68%
Singapore
60%
Sucre
58%
San José
57%
Santo Domingo
57%
Strasburgo
55%
Sapporo
49%
San Antonio
42%
Sheffield
42%
Suez
32%
Saint Louis
26%
Salvador
26%
Sochi
26%
San Juan
23%
Shenzhen
19%
Sendai
15%
Surabaya
13%
Surat
13%
Shenyang
11%
Savannah
9%
Nessun quiz corrispondente trovato
Distribuzione punteggi
Percentuale di utenti per punteggio
Percentile per numero di risposta
I tuoi punteggi nel tempo
Non hai fatto questo quiz